Giáo trình tiếng Anh chuyên ngành kỹ thuật phục vụ nhà hàng (Dùng trong các trường THCN) = English for restaurant staff
Giáo trình tiếng Anh chuyên ngành dùng cho bạn đọc là những nhân viên chuyên ngành kỹ thuật phục vụ nhà hàng.
Сохранить в:
| Главный автор: | |
|---|---|
| Формат: | |
| Язык: | Undetermined |
| Опубликовано: |
Hà Nội
Nhà xuất bản Hà Nội
2006
|
| Предметы: | |
| Метки: |
Добавить метку
Нет меток, Требуется 1-ая метка записи!
|
| Thư viện lưu trữ: | Trung tâm Học liệu Trường Đại học Cần Thơ |
|---|
| LEADER | 00888nam a2200217Ia 4500 | ||
|---|---|---|---|
| 001 | CTU_122174 | ||
| 008 | 210402s9999 xx 000 0 und d | ||
| 020 | |c 45000 | ||
| 082 | |a 428.24 | ||
| 082 | |b Ng419 | ||
| 100 | |a Nguyễn, Thị Bích Ngọc | ||
| 245 | 0 | |a Giáo trình tiếng Anh chuyên ngành kỹ thuật phục vụ nhà hàng | |
| 245 | 0 | |b (Dùng trong các trường THCN) = English for restaurant staff | |
| 245 | 0 | |c Nguyễn Thị Bích Ngọc | |
| 260 | |a Hà Nội | ||
| 260 | |b Nhà xuất bản Hà Nội | ||
| 260 | |c 2006 | ||
| 520 | |a Giáo trình tiếng Anh chuyên ngành dùng cho bạn đọc là những nhân viên chuyên ngành kỹ thuật phục vụ nhà hàng. | ||
| 650 | |a English language | ||
| 650 | |x Textbooks for foreign speakers | ||
| 980 | |a Trung tâm Học liệu Trường Đại học Cần Thơ | ||